Statistics for airlines from india(retired included)

Click here to take the quiz!

General Stats

  • This quiz has been taken 44 times
    (23 since last reset)
  • The average score is 8 of 18

Answer Stats

running or deceasedairline% Correct
RunningAir india
100%
RunningIndigo
95%
RunningSpicejet
84%
RunningVistara
79%
Deceasedindian airlines
63%
DeceasedJet airways
58%
RunningGo first
53%
Deceasedkingfisher
53%
RunningAir india express
47%
RunningAkasa air
42%
RunningAlliance air
42%
RunningAir asia
37%
Deceasedair deccan
21%
Runningstar air
21%
RunningFlybig
16%
RunningBluedart
11%
Deceasedzoom air
11%
Deceasedtata air service
5%

Score Distribution

Percentile by Number Answered

Percent of People with Each Score

Your Score History

You have not taken this quiz since the last reset